Elementary statistics :a step by step approach (Record no. 566484)

000 -LEADER
fixed length control field 01364cam a2200349 a 4500
001 - CONTROL NUMBER
control field 13692865
003 - CONTROL NUMBER IDENTIFIER
control field CEME
005 - DATE AND TIME OF LATEST TRANSACTION
control field 20211103105834.0
008 - FIXED-LENGTH DATA ELEMENTS--GENERAL INFORMATION
fixed length control field 040819s2006 iaua 001 0 eng
010 ## - LIBRARY OF CONGRESS CONTROL NUMBER
LC control number 2004019841
020 ## - INTERNATIONAL STANDARD BOOK NUMBER
International Standard Book Number 0072976217 (text : acidfree paper)
020 ## - INTERNATIONAL STANDARD BOOK NUMBER
International Standard Book Number 0072976276 (instructor's ed. : acidfree paper)
020 ## - INTERNATIONAL STANDARD BOOK NUMBER
International Standard Book Number 0073107654 (Pkg.)
038 ## - RECORD CONTENT LICENSOR
Staff Name ASAD
040 ## - CATALOGING SOURCE
Original cataloging agency DLC
Transcribing agency DLC
Modifying agency DLC
050 00 - LIBRARY OF CONGRESS CALL NUMBER
Classification number QA276.12
Item number . B585 2006
082 00 - DEWEY DECIMAL CLASSIFICATION NUMBER
Classification number 519.5 BLU
Edition number 22
100 1# - MAIN ENTRY--PERSONAL NAME
Personal name Bluman, Allan G.
9 (RLIN) 5317
245 10 - TITLE STATEMENT
Title Elementary statistics :a step by step approach
Remainder of title a brief version /
Statement of responsibility, etc. Allan G. Bluman.
246 14 - VARYING FORM OF TITLE
Title proper/short title Elementary statistics :
Remainder of title a step by step approach : a brief version
250 ## - EDITION STATEMENT
Edition statement 3rd ed.
260 ## - PUBLICATION, DISTRIBUTION, ETC.
Place of publication, distribution, etc. Boston :
Name of publisher, distributor, etc. McGraw-Hill Higher Education,
Date of publication, distribution, etc. 2006.
300 ## - PHYSICAL DESCRIPTION
Extent xxvii, 659 p. :
Other physical details col. ill. ;
Dimensions 26 cm. + important formulas ([8] p.)
500 ## - GENERAL NOTE
General note LC copy imperfect: MathZone (1 CD-ROM) wanting
Institution to which field applies DLC
500 ## - GENERAL NOTE
General note Includes index.
563 ## - BINDING INFORMATION
Binding note HB
650 #0 - SUBJECT ADDED ENTRY--TOPICAL TERM
Topical term or geographic name entry element Statistics
Form subdivision Textbooks.
9 (RLIN) 5318
856 41 - ELECTRONIC LOCATION AND ACCESS
Materials specified Table of contents
Uniform Resource Identifier <a href="http://www.loc.gov/catdir/toc/ecip0422/2004019841.html">http://www.loc.gov/catdir/toc/ecip0422/2004019841.html</a>
856 42 - ELECTRONIC LOCATION AND ACCESS
Materials specified Publisher description
Uniform Resource Identifier <a href="http://www.loc.gov/catdir/enhancements/fy0669/2004019841-d.html">http://www.loc.gov/catdir/enhancements/fy0669/2004019841-d.html</a>
856 42 - ELECTRONIC LOCATION AND ACCESS
Materials specified Contributor biographical information
Uniform Resource Identifier <a href="http://www.loc.gov/catdir/enhancements/fy0737/2004019841-b.html">http://www.loc.gov/catdir/enhancements/fy0737/2004019841-b.html</a>
942 ## - ADDED ENTRY ELEMENTS (KOHA)
Source of classification or shelving scheme
Koha item type Book
Holdings
Withdrawn status Lost status Source of classification or shelving scheme Damaged status Not for loan Permanent Location Current Location Shelving location Date acquired Total Checkouts Full call number Barcode Date last seen Price effective from Koha item type
          College of Electrical & Mechanical Engineering (CEME) College of Electrical & Mechanical Engineering (CEME) General Stacks 03/20/2017   519.5 BLU CEME-44519 06/28/2021 06/28/2021 Book
          College of Electrical & Mechanical Engineering (CEME) College of Electrical & Mechanical Engineering (CEME) General Stacks 03/20/2017   519.5 BLU CEME-44520 06/28/2021 06/28/2021 Book
          College of Electrical & Mechanical Engineering (CEME) College of Electrical & Mechanical Engineering (CEME) General Stacks 03/20/2017   519.5 BLU CEME-43776 06/28/2021 06/28/2021 Book
          College of Electrical & Mechanical Engineering (CEME) College of Electrical & Mechanical Engineering (CEME) General Stacks 03/20/2017   519.5 BLU CEME-43777 06/28/2021 06/28/2021 Book
          College of Electrical & Mechanical Engineering (CEME) College of Electrical & Mechanical Engineering (CEME) General Stacks 07/05/2017   519.5 BLU CEME-34219 06/28/2021 06/28/2021 Book
© 2023 Central Library, National University of Sciences and Technology. All Rights Reserved.